000 00421nam a22001697a 4500
999 _c525395
_d525395
003 NUST
038 _aArshad
082 _a891.491108
_bBIR
100 _aBira jee
_916255
245 _aTarail da saik /
_cBira jee
260 _aLahore :
_bIdara Punjab rang,
_c1993.
300 _a128 p. ;
500 _aHardcover.
880 _6100-01\r
_aبیرا جی
880 _6245-02\r
_aتریل دا سیک /
942 _2ddc
_cBK